Del tiempo tirano de la justicia / (Registro nro. 6070)
[ vista simple ]
| 000 -LEADER | |
|---|---|
| fixed length control field | 01149nab a22002417a 4500 |
| 003 - CONTROL NUMBER IDENTIFIER | |
| control field | OSt |
| 005 - DATE AND TIME OF LATEST TRANSACTION | |
| control field | 20260121010615.0 |
| 008 - FIXED-LENGTH DATA ELEMENTS--GENERAL INFORMATION | |
| fixed length control field | 190514b xxu||||| |||| 00| 0 spa d |
| 040 ## - CATALOGING SOURCE | |
| Transcribing agency | PJ |
| 100 ## - MAIN ENTRY--PERSONAL NAME | |
| 9 (RLIN) | 6846 |
| Personal name | Ferrara, Natalia |
| 245 10 - TITLE STATEMENT | |
| Title | Del tiempo tirano de la justicia / |
| Statement of responsibility, etc | Natalia Ferrara. |
| 300 ## - PHYSICAL DESCRIPTION | |
| Extent | p. 163-172 |
| 500 ## - GENERAL NOTE | |
| General note | Cita: TR LALEY AR/DOC/986/2024. |
| 505 ## - FORMATTED CONTENTS NOTE | |
| Formatted contents note | Sumario: I. A. G. y W. G.— II. Plataforma fáctica.— III. Situación de adoptabilidad y plazo razonable.— IV. De la adopción y particularidades del caso.— V. A modo de cierre. |
| 505 ## - FORMATTED CONTENTS NOTE | |
| Title | Fallo comentado: CFamilia, Mendoza ~ 20/09/2023 ~ Compulsa Expdte. 41258 Eti por los niños A. R. A. G. y A. R. S. W. G. por control de legalidad. |
| 650 #0 - SUBJECT ADDED ENTRY--TOPICAL TERM | |
| 9 (RLIN) | 967 |
| Topical term or geographic name as entry element | DERECHO DE FAMILIA |
| 650 #0 - SUBJECT ADDED ENTRY--TOPICAL TERM | |
| 9 (RLIN) | 2741 |
| Topical term or geographic name as entry element | DERECHOS DE LAS NIÑAS, NIÑOS Y ADOLESCENTES |
| 650 #0 - SUBJECT ADDED ENTRY--TOPICAL TERM | |
| 9 (RLIN) | 3874 |
| Topical term or geographic name as entry element | PROCESOS DE FAMILIA |
| 650 #0 - SUBJECT ADDED ENTRY--TOPICAL TERM | |
| 9 (RLIN) | 1956 |
| Topical term or geographic name as entry element | PLAZOS PROCESALES |
| 650 #0 - SUBJECT ADDED ENTRY--TOPICAL TERM | |
| 9 (RLIN) | 1057 |
| Topical term or geographic name as entry element | JURISPRUDENCIA APLICABLE |
| 773 0# - HOST ITEM ENTRY | |
| Host Biblionumber | 2844 |
| Host Itemnumber | 3222 |
| Place, publisher, and date of publication | Buenos Aires : AbeledoPerrot, 1989- |
| Title | Derecho de familia. Revista Interdisciplinaria de doctrina y jurisprudencia. Junio 2024-III. |
| International Standard Book Number | 18511201 |
| 942 ## - ADDED ENTRY ELEMENTS (KOHA) | |
| Source of classification or shelving scheme | |
| Koha item type | Analítica Artículo de Revista |
No hay ítems disponibles.
